00606 a2200241 4500260001000000260001000010260001400020630002500034037001300059650002800072100002200100260001200122245009100134300001100225650002500236260000900261300000900270100000700279037001200286440003400298440001400332020001800346 aParis aMilan aBarcelone a657 - Comptabilité b1, Achat a6 - SCIENCES APPLIQUEES aCammarata, Claude bMasson  aAnnales et corrigés : guide de l'examen : gestion financière, D.E.C.F épreuve n4 a162 p. aGestion financière c1988 b22cm lFr aDe 8198 aColection Expertise Comptable x0764-0161 a2-225-81444-9